Valuing sustainable urbanism (Record no. 107477)

MARC details
000 -LEADER
fixed length control field 01942cam a22002655a 4500
001 - CONTROL NUMBER
control field L140303
008 - FIXED-LENGTH DATA ELEMENTS--GENERAL INFORMATION
fixed length control field 070917s2007 xxko f 000 0 eng d
020 ## - INTERNATIONAL STANDARD BOOK NUMBER
International Standard Book Number 9781906384005
035 ## - SYSTEM CONTROL NUMBER
System control number (Sirsi) u140303
041 0# - LANGUAGE CODE
Language code of text/sound track or separate title eng
050 04 - LIBRARY OF CONGRESS CALL NUMBER
Classification number 333.72 $2 18
110 2# - MAIN ENTRY--CORPORATE NAME
Corporate name or jurisdiction name as entry element Prince's Foundation for the Built Environment
9 (RLIN) 5350
245 00 - TITLE STATEMENT
Title Valuing sustainable urbanism
Remainder of title a report measuring and valuing new approaches to residentially led mixed use growth
Medium [electronic resource]
260 ## - PUBLICATION, DISTRIBUTION, ETC.
Place of publication, distribution, etc. London
Name of publisher, distributor, etc. Prince's Foundation
Date of publication, distribution, etc. 2007
300 ## - PHYSICAL DESCRIPTION
Extent 123p.
Other physical details col. ill.
Dimensions 30cm.
505 2# - FORMATTED CONTENTS NOTE
Formatted contents note Introduction -- Savills Report: introduction and methodology; the results for Fairford Leys, Aylesbury; the results for Poundbury, Dorchester; the results for Crown Street, Glasgow; summary of the research results -- Social benefits of good urban design: environments, energy and climate change; crime; health; creating inclusive, cohesive, stable communities: mixed tenure; economics and mixed use; conclusion -- Appendices
520 ## - SUMMARY, ETC.
Summary, etc. Presents the case for sustainable urbanism, demonstrating to property investors, developers and landowners that sustainable development can be commercially viable. Three exemplar case studies incorporating principles of sustainable urbanism are identified and compared with traditional and conventional development schemes in terms of the value of each scheme. Reveals that building to include many of the features of sustainable urbanism can improve total development value. Also examines the social case for designing developments in accordance with sustainable principles.
590 ## - LOCAL NOTE (RLIN)
Local note KA NTK
651 #4 - SUBJECT ADDED ENTRY--GEOGRAPHIC NAME
Geographic name United Kingdom
Chronological subdivision
690 ## - LOCAL SUBJECT ADDED ENTRY--TOPICAL TERM (OCLC, RLIN)
Topical term or geographic name as entry element PROPERTY-PROPERTY DEVELOPMENT-SUSTAINABLE PROPERTY DEVELOPMENT
710 2# - ADDED ENTRY--CORPORATE NAME
Corporate name or jurisdiction name as entry element Savills
9 (RLIN) 2020
710 s# - ADDED ENTRY--CORPORATE NAME
Corporate name or jurisdiction name as entry element English Partnerships
9 (RLIN) 1764
856 40 - ELECTRONIC LOCATION AND ACCESS
Uniform Resource Identifier <a href="https://www.princes-foundation.org/index.php?id=8">https://www.princes-foundation.org/index.php?id=8</a>
Public note View the report free of charge at www.princes-foundation.org...
942 ## - ADDED ENTRY ELEMENTS (KOHA)
Suppress in OPAC 0
Holdings
Withdrawn status Lost status Source of classification or shelving scheme Damaged status Not for loan Home library Current library Shelving location Date acquired Total Checkouts Full call number Barcode Date last seen Copy number Price effective from Koha item type
    Dewey Decimal Classification     London London Books 12/02/2008   F333.72 PRI 30072616 06/08/2019 1 06/08/2019 Book
    Dewey Decimal Classification     Virtual Virtual Online 17/09/2007   ONLINE PUBLICATION 140303-2001 06/08/2019 1 06/08/2019 Book